Statistiques concernant MV d'Enhypen

Cliquez ici pour prendre le quiz!

Statistiques générales

  • Ce quiz a été pris 82 fois
  • Le résultat moyen est 4 sur 10

Statistiques - réponses

Réponse% Correct
Bite Me
93%
Fever
75%
Given-Taken
58%
Blessed-Cursed
49%
Futur Perfect
39%
Sacrifice (Eat Me Up)
28%
ParadoXX Invasion
26%
Tamed-Dashed
25%
Hey Tayo
12%
Let Me In (20 Cubes)
5%

Distribution des résultats

Percentile par nombre de réponses

% des personnes avec chaque résultat

Votre développement - résultats

Vous n’avez pas pris ce quiz